000
00248nam a2200109Ia 4500
008
200302s9999 xx 000 0 und d
100
_a
Jocasta Innes
245
_a
Painted Furniture
260
_b
Mitchell Beazley
260
_c
1991
300
_a
160 P.,
999
_c
1762
_d
1762